[Event "XXII Festival Conca della Presolana Magistrale"]
[Site "Bratto - Castione della Presolana ITA"]
[Date "2002.08.20"]
[Round "1"]
[White "Vancini, Edoardo"]
[Black "Del Giudice, Stefano"]
[Result "1/2-1/2"]
[WhiteElo "2307"]
[BlackElo "2073"]
[PlyCount "70"]
[EventDate "2002.08.20"]

1.e4 d6 2.d4 Nf6 3.Nc3 g6 4.Bg5 Bg7 5.Qd2 h6 6.Bh4 O-O 7.f4 c5 8.dxc5 dxc5
9.O-O-O Qxd2+ 10.Rxd2 Nc6 11.e5 Nh5 12.Nd5 Nxf4 13.Nxe7+ Nxe7 14.Bxe7 Re8 
15.Bxc5 Rxe5 16.Rd8+ Kh7 17.Bf2 Ne6 18.Rd1 Ng5 19.Bc4 Bg4 20.Rf1 Rc8 21.
Bb3 a5 22.h4 Ne4 23.Be1 Nc5 24.Bc3 Nxb3+ 25.axb3 Rd5 26.Nh3 Bxc3 27.bxc3 
Kg7 28.Nf4 Rdc5 29.c4 Bf5 30.Nd5 Bxc2 31.Nb6 Bxb3 32.Nxc8 Rxc8 33.Kb2 Bxc4
34.Ra1 Bd5 35.Rh2 Re8 1/2-1/2

[Event "XXII Festival Conca della Presolana Magistrale"]
[Site "Bratto - Castione della Presolana ITA"]
[Date "2002.08.21"]
[Round "2"]
[White "Aglietti, Graziano"]
[Black "Citti, Gianluca"]
[Result "1-0"]
[WhiteElo "2069"]
[BlackElo "2157"]
[PlyCount "61"]
[EventDate "2002.08.20"]

1.e4 Nc6 2.d4 d5 3.exd5 Qxd5 4.Be3 e5 5.Nf3 Bg4 6.Be2 exd4 7.Nc3 Qd7 8.
Nxd4 Nxd4 9.Qxd4 Qxd4 10.Bxd4 Bxe2 11.Nxe2 O-O-O 12.O-O-O Nf6 13.Bxf6 
Rxd1+ 14.Rxd1 gxf6 15.Rd3 Bh6+ 16.f4 Re8 17.Kd2 Rd8 18.g3 Bf8 19.g4 Bc5 
20.Rxd8+ Kxd8 21.Kd3 Ke7 22.Ke4 Ke6 23.h4 Bf2 24.Nd4+ Kd7 25.h5 Bxd4 26.
Kxd4 f5 27.g5 Kd6 28.b4 a6 29.c4 c6 30.c5+ Ke6 31.h6 1-0

[Event "XXII Festival Conca della Presolana Magistrale"]
[Site "Bratto - Castione della Presolana ITA"]
[Date "2002.08.21"]
[Round "2"]
[White "Agnelli, Francesco"]
[Black "Pienabarca, Nicola"]
[Result "1-0"]
[WhiteElo "2146"]
[BlackElo "2062"]
[PlyCount "73"]
[EventDate "2002.08.20"]

1.e4 e6 2.d4 d5 3.Nc3 Nf6 4.Bg5 Bb4 5.e5 h6 6.Bd2 Bxc3 7.bxc3 Ne4 8.Qg4 
Kf8 9.h4 c5 10.Bd3 Nxd2 11.Kxd2 c4 12.Be2 Nc6 13.Nh3 b5 14.a3 a5 15.Nf4 
Rb8 16.Rh3 Ne7 17.Nh5 Rg8 18.Qf4 Ng6 19.Qg4 b4 20.axb4 axb4 21.cxb4 Rxb4 
22.Qg3 Qb6 23.Qc3 Ne7 24.Ra8 Rb1 25.Rf3 Ke8 26.Rf4 Qb7 27.Qa3 Nc6 28.Rg4 
Rb4 29.Nf6+ Kd8 30.Nxg8 f5 31.exf6 e5 32.Rxg7 Qb6 33.Rxc8+ Kxc8 34.Qa8+ 
Nb8 35.Bg4+ Kd8 36.Qxd5+ Ke8 37.Re7+ 1-0

[Event "XXII Festival Conca della Presolana Magistrale"]
[Site "Bratto - Castione della Presolana ITA"]
[Date "2002.08.21"]
[Round "2"]
[White "Barlocco, Carlo"]
[Black "Benincasa, Marco"]
[Result "1-0"]
[WhiteElo "2136"]
[BlackElo "2030"]
[PlyCount "55"]
[EventDate "2002.08.20"]

1.d4 Nf6 2.c4 c5 3.d5 b5 4.f3 d6 5.e4 bxc4 6.Bxc4 g6 7.Ne2 Bg7 8.Nec3 O-O 
9.a4 Na6 10.a5 Nc7 11.Na3 e6 12.dxe6 fxe6 13.e5 Nfd5 14.Nxd5 exd5 15.Bxd5+
Be6 16.Bxa8 Nxa8 17.Qxd6 Qxd6 18.exd6 Rd8 19.Nb5 Bc4 20.Nc7 Nxc7 21.dxc7 
Re8+ 22.Kf2 Bd4+ 23.Kg3 Ba6 24.Bf4 Re2 25.Rad1 Kg7 26.Rxd4 cxd4 27.Rd1 d3 
28.Rxd3 1-0

[Event "XXII Festival Conca della Presolana Magistrale"]
[Site "Bratto - Castione della Presolana ITA"]
[Date "2002.08.21"]
[Round "2"]
[White "Bellini, Fabio"]
[Black "Preiss, Martin"]
[Result "1-0"]
[WhiteElo "2500"]
[BlackElo "2265"]
[PlyCount "55"]
[EventDate "2002.08.20"]

1.e4 d6 2.d4 Nf6 3.Nc3 g6 4.f4 Bg7 5.Nf3 c5 6.Bb5+ Bd7 7.e5 Ng4 8.Bxd7+ 
Qxd7 9.d5 dxe5 10.h3 e4 11.hxg4 exf3 12.Qxf3 Na6 13.Bd2 O-O-O 14.O-O-O Nb4
15.Ne4 Nxd5 16.c4 Nf6 17.Ba5 Qc6 18.Rxd8+ Rxd8 19.Nxf6 Qxf6 20.Bc3 Rd4 21.
Bxd4 Qxd4 22.Qe2 Qxf4+ 23.Kb1 e6 24.Rxh7 Bd4 25.Kc2 Be5 26.Kb3 b5 27.a3 
Kc7 28.cxb5 1-0

[Event "XXII Festival Conca della Presolana Magistrale"]
[Site "Bratto - Castione della Presolana ITA"]
[Date "2002.08.21"]
[Round "2"]
[White "Bertazzo, Giorgio"]
[Black "Popa, Claudiu"]
[Result "1/2-1/2"]
[WhiteElo "2158"]
[BlackElo "2081"]
[PlyCount "82"]
[EventDate "2002.08.20"]

1.e4 e5 2.Nf3 Nc6 3.Nc3 d6 4.Bb5 Bd7 5.d4 exd4 6.Nxd4 Nf6 7.O-O Be7 8.Re1 
Nxd4 9.Qxd4 Bxb5 10.Nxb5 a6 11.Nc3 O-O 12.Bg5 Re8 13.Rad1 Qc8 14.h3 h6 15.
Bc1 Qe6 16.b3 Qe5 17.Qxe5 dxe5 18.Nd5 Nxd5 19.Rxd5 Bd6 20.Red1 f6 21.Be3 
Kf7 22.Kf1 Ke6 23.c4 Rad8 24.Ke2 c6 25.R5d3 Bc7 26.Kf3 h5 27.g4 hxg4+ 28.
Kxg4 Rxd3 29.Rxd3 Rd8 30.Rxd8 Bxd8 31.h4 b5 32.h5 a5 33.Bc5 a4 34.f3 axb3 
35.axb3 bxc4 36.bxc4 Ba5 37.Bf8 Kf7 38.Ba3 Ke6 39.Bf8 Kf7 40.Bc5 Ke6 41.
Ba3 Bd2 1/2-1/2

[Event "XXII Festival Conca della Presolana Magistrale"]
[Site "Bratto - Castione della Presolana ITA"]
[Date "2002.08.21"]
[Round "2"]
[White "Bertino, Andrea"]
[Black "Grooten, Herman"]
[Result "0-1"]
[WhiteElo "1915"]
[BlackElo "2375"]
[PlyCount "73"]
[EventDate "2002.08.20"]

1.d4 Nf6 2.c4 e6 3.Nf3 b6 4.Nc3 Bb4 5.Bg5 h6 6.Bh4 Bxc3+ 7.bxc3 Bb7 8.e3 
d6 9.Nd2 e5 10.f3 c5 11.Qa4+ Qd7 12.Qd1 g5 13.Bf2 Nc6 14.Bd3 O-O-O 15.d5 
Na5 16.Qc2 Kc7 17.Bf5 Qe8 18.O-O-O Bc8 19.Bxc8 Rxc8 20.Qf5 Nh5 21.h4 Qd7 
22.Qd3 g4 23.Rdf1 g3 24.Be1 f5 25.f4 e4 26.Nxe4 fxe4 27.Qxe4 Nf6 28.Qg6 
Qe7 29.Rf3 Nxc4 30.Bxg3 Ne4 31.Qe6 Qh7 32.Be1 Rhg8 33.Qh3 h5 34.f5 Ne5 35.
Rff1 Qf7 36.f6 Qxd5 37.f7 0-1

[Event "XXII Festival Conca della Presolana Magistrale"]
[Site "Bratto - Castione della Presolana ITA"]
[Date "2002.08.21"]
[Round "2"]
[White "Bonanno, Alessandro"]
[Black "Lanzani, Mario"]
[Result "0-1"]
[WhiteElo "2094"]
[BlackElo "2349"]
[PlyCount "56"]
[EventDate "2002.08.20"]

1.e4 e5 2.f4 exf4 3.Nf3 g5 4.Bc4 g4 5.O-O gxf3 6.Qxf3 Qf6 7.e5 Qxe5 8.d3 
Bc5+ 9.Kh1 Ne7 10.Bxf4 Qf5 11.Nc3 c6 12.Rae1 d5 13.Nxd5 cxd5 14.Bxd5 O-O 
15.Re5 Qf6 16.Bxb7 Bxb7 17.Qxb7 Bd6 18.Rg5+ Ng6 19.Qxa8 Bxf4 20.Rg4 Qxb2 
21.h4 h5 22.Rfxf4 hxg4 23.Rxg4 Qxc2 24.Qe4 Qc1+ 25.Kh2 Qh6 26.Qf5 Nc6 27.
Kg3 Qe3+ 28.Kh2 Qe5+ 0-1

[Event "XXII Festival Conca della Presolana Magistrale"]
[Site "Bratto - Castione della Presolana ITA"]
[Date "2002.08.21"]
[Round "2"]
[White "Borgo, Giulio"]
[Black "Lapiccirella, Mattia"]
[Result "1-0"]
[WhiteElo "2420"]
[BlackElo "2192"]
[PlyCount "67"]
[EventDate "2002.08.20"]

1.Nf3 Nf6 2.g3 g6 3.b3 Bg7 4.Bb2 O-O 5.Bg2 d6 6.d4 Nbd7 7.O-O e5 8.dxe5 
Ng4 9.Qd2 Ngxe5 10.c4 Nxf3+ 11.Bxf3 Bxb2 12.Qxb2 Ne5 13.Bg2 c6 14.Nc3 f5 
15.Rad1 Qf6 16.e3 Nf7 17.Rd4 Be6 18.Rfd1 Rad8 19.Qa3 a6 20.Qa5 Qe5 21.Qb6 
Bc8 22.b4 Ng5 23.R4d3 Ne6 24.Na4 Rfe8 25.h3 Qf6 26.b5 axb5 27.cxb5 cxb5 
28.Nc3 Nc5 29.Nd5 Qe5 30.Rd4 Ne4 31.Bxe4 fxe4 32.Rxe4 Qf5 33.Ne7+ Rxe7 34.
Qxd8+ 1-0

[Event "XXII Festival Conca della Presolana Magistrale"]
[Site "Bratto - Castione della Presolana ITA"]
[Date "2002.08.21"]
[Round "2"]
[White "Cacco, Christian"]
[Black "Drazic, Sinisa"]
[Result "0-1"]
[WhiteElo "2248"]
[BlackElo "2486"]
[PlyCount "124"]
[EventDate "2002.08.20"]

1.d4 Nf6 2.Nf3 c6 3.Bf4 Qb6 4.Qc1 d5 5.Nbd2 Bf5 6.e3 h6 7.Bd3 Bxd3 8.cxd3 
e6 9.O-O Nbd7 10.a3 Be7 11.b4 a5 12.Nb3 axb4 13.axb4 O-O 14.Nc5 Qb5 15.Rb1
Ra7 16.Be5 b6 17.Bxf6 Nxf6 18.Nb3 Rc8 19.Ne5 Nd7 20.Qc2 Bxb4 21.Nxd7 Rxd7 
22.Nc1 Qa5 23.Qb3 c5 24.dxc5 bxc5 25.d4 Qa3 26.dxc5 Qxb3 27.Rxb3 Bxc5 28.
Nd3 Bd6 29.Rd1 Rdc7 30.Rb5 Rc3 31.g3 Rb8 32.Rxb8+ Bxb8 33.Rd2 Bd6 34.Kf1 
g5 35.h3 Kg7 36.Ke2 Ra3 37.Rd1 Kf6 38.Rb1 h5 39.Rb6 Ra2+ 40.Kf3 Rd2 41.
Rxd6 Rxd3 42.Rd8 Rd2 43.Kg2 Kg7 44.Kf1 Rd1+ 45.Kg2 Rc1 46.Kf3 Rc4 47.g4 h4
48.Kg2 Rc2 49.Kf1 Rc7 50.Ke2 Kf6 51.Kf3 Ke7 52.Rg8 f6 53.Rg7+ Kd6 54.Rg8 
e5 55.Ra8 Rc6 56.Ra4 Kc5 57.Ra8 Kc4 58.Ra7 Kd3 59.Ra3+ Rc3 60.Ra6 d4 61.
exd4 exd4 62.Rxf6 Kc2+ 0-1

[Event "XXII Festival Conca della Presolana Magistrale"]
[Site "Bratto - Castione della Presolana ITA"]
[Date "2002.08.21"]
[Round "2"]
[White "Capece, Adolivio"]
[Black "Mazzariol, Oscar"]
[Result "0-1"]
[WhiteElo "2067"]
[BlackElo "2151"]
[PlyCount "60"]
[EventDate "2002.08.20"]

1.Nf3 d5 2.g3 g6 3.Bg2 Bg7 4.d4 Nf6 5.Bf4 Nbd7 6.Nc3 c6 7.Qd2 Nb6 8.Ne5 
Ng4 9.b3 Nxe5 10.Bxe5 f6 11.Bf4 O-O 12.h4 e5 13.Be3 Bf5 14.h5 Rc8 15.hxg6 
Bxg6 16.Bh3 f5 17.O-O-O Qf6 18.dxe5 Qxe5 19.Bd4 Qxd4 20.Qxd4 Bxd4 21.Rxd4 
c5 22.Rh4 d4 23.Nb5 Rce8 24.Kd2 Re7 25.Bg2 Rd8 26.Nxa7 Ra8 27.Nb5 Rxa2 28.
Rf4 Rd7 29.Kc1 Nd5 30.Nxd4 Nxf4 0-1

[Event "XXII Festival Conca della Presolana Magistrale"]
[Site "Bratto - Castione della Presolana ITA"]
[Date "2002.08.21"]
[Round "2"]
[White "Castaldo, Folco"]
[Black "Romanishin, Oleg M."]
[Result "1/2-1/2"]
[WhiteElo "2319"]
[BlackElo "2559"]
[PlyCount "54"]
[EventDate "2002.08.20"]

1.Nf3 Nf6 2.c4 e6 3.Nc3 Bb4 4.Qb3 c5 5.a3 Ba5 6.e3 Nc6 7.Be2 e5 8.d3 O-O 
9.O-O d6 10.Bd2 Rb8 11.Rfb1 h6 12.Qd1 Be6 13.Ne4 Nxe4 14.dxe4 Bc7 15.Qc2 
a5 16.Bc3 Ra8 17.b3 Qe7 18.Bd3 Bd8 19.Nd2 Qc7 20.Nf1 Bh4 21.Ng3 Bxg3 22.
hxg3 Qd7 23.Rd1 Rad8 24.Rd2 Qc7 25.Rad1 Ra8 26.Be2 Rfd8 27.a4 f6 1/2-1/2

[Event "XXII Festival Conca della Presolana Magistrale"]
[Site "Bratto - Castione della Presolana ITA"]
[Date "2002.08.21"]
[Round "2"]
[White "Cebalo, Miso"]
[Black "Di Paolo, Raffaele"]
[Result "1-0"]
[WhiteElo "2548"]
[BlackElo "2319"]
[PlyCount "119"]
[EventDate "2002.08.20"]

1.d4 Nf6 2.c4 g6 3.Nc3 Bg7 4.e4 d6 5.f4 O-O 6.Nf3 Na6 7.e5 Nd7 8.Be2 dxe5 
9.dxe5 Ndc5 10.Be3 Bg4 11.O-O c6 12.b4 Ne6 13.Rb1 Qc7 14.Nd4 Bxe2 15.Qxe2 
Nxd4 16.Bxd4 Qd7 17.Rfd1 Qf5 18.Qe4 Qxe4 19.Nxe4 Nc7 20.Bc5 Ne6 21.Bxe7 
Rfe8 22.Rd7 Nxf4 23.Nf6+ Bxf6 24.exf6 b5 25.Rf1 Ne6 26.Rd6 Rec8 27.c5 h5 
28.h4 Kh7 29.Rf3 a6 30.Kf2 a5 31.Rxe6 fxe6 32.f7 axb4 33.f8=Q Rxf8 34.Bxf8
Rxa2+ 35.Kg3 Re2 36.Be7 e5 37.Bg5 Rc2 38.Be7 Re2 39.Bd6 Kg7 40.Bc7 Re4 41.
Kh3 Kg8 42.g3 Rc4 43.Bxe5 Rxc5 44.Bd6 Rc4 45.Rb3 c5 46.Rf3 Rc2 47.Rf8+ Kh7
48.g4 Rc3+ 49.Kg2 g5 50.gxh5 gxh4 51.Be5 Kh6 52.Rf6+ Kg5 53.h6 h3+ 54.Kh2 
Rc2+ 55.Kxh3 Rc4 56.Rb6 b3 57.Kg3 b2 58.Bxb2 Rg4+ 59.Kf3 Rf4+ 60.Ke2 1-0

[Event "XXII Festival Conca della Presolana Magistrale"]
[Site "Bratto - Castione della Presolana ITA"]
[Date "2002.08.21"]
[Round "2"]
[White "Cugini, Verter"]
[Black "Cazzaniga, Walter"]
[Result "1/2-1/2"]
[WhiteElo "2231"]
[BlackElo "2121"]
[PlyCount "114"]
[EventDate "2002.08.20"]

1.e4 e6 2.d4 d5 3.Nd2 Nc6 4.Ngf3 Nf6 5.e5 Nd7 6.c3 f6 7.exf6 Qxf6 8.Be2 
Bd6 9.O-O e5 10.dxe5 Ncxe5 11.Nxe5 Nxe5 12.Nf3 c6 13.Nxe5 Bxe5 14.Be3 O-O 
15.Bd4 Bxd4 16.Qxd4 Qxd4 17.cxd4 Bf5 18.Rfd1 Rae8 19.Bf1 Re7 20.Rac1 Bg4 
21.f3 Bd7 22.Rc3 Rfe8 23.Kf2 Kf7 24.Ra3 a6 25.Bd3 Kf6 26.g4 g6 27.h4 Kg7 
28.Rb3 Bc8 29.Rc3 Rf8 30.Rg1 Rf4 31.h5 Rxd4 32.hxg6 hxg6 33.Re1 Rxe1 34.
Kxe1 Rb4 35.b3 Be6 36.Rc2 Rf4 37.Re2 Rxf3 38.Rxe6 Rxd3 39.Re7+ Kf6 40.Rxb7
Rh3 41.Rb6 Rh1+ 42.Kd2 Rh2+ 43.Kc3 Rxa2 44.Rxc6+ Kg5 45.Rd6 a5 46.Ra6 Kxg4
47.Rxg6+ Kf5 48.Rg8 a4 49.bxa4 Rxa4 50.Kd3 Ke5 51.Re8+ Kd6 52.Rd8+ Kc6 53.
Rc8+ Kd7 54.Rh8 Ke6 55.Re8+ Kd7 56.Rh8 Ke6 57.Re8+ Kd7 1/2-1/2

[Event "XXII Festival Conca della Presolana Magistrale"]
[Site "Bratto - Castione della Presolana ITA"]
[Date "2002.08.21"]
[Round "2"]
[White "Del Dotto, Riccardo"]
[Black "Belotti, Bruno"]
[Result "0-1"]
[WhiteElo "2199"]
[BlackElo "2430"]
[PlyCount "82"]
[EventDate "2002.08.20"]

1.e4 d5 2.exd5 Qxd5 3.Nc3 Qa5 4.Bc4 Nf6 5.d3 Bg4 6.f3 Bf5 7.Bd2 Qb6 8.Qe2 
Nc6 9.O-O-O e6 10.g4 Nd4 11.Qg2 Bg6 12.Nge2 Nxe2+ 13.Qxe2 O-O-O 14.h4 h5 
15.Bg5 Be7 16.Bb3 Rhe8 17.Be3 Qa5 18.Bd2 Qa6 19.Bc4 Qb6 20.Be3 Bc5 21.Bxc5
Qxc5 22.Rde1 a6 23.Ne4 Bxe4 24.fxe4 Nxg4 25.Ref1 Rd7 26.Rh3 Red8 27.Kb1 
Kb8 28.Bb3 Qe5 29.a3 f5 30.Ka2 g6 31.Qe1 c5 32.exf5 Qxe1 33.Rxe1 exf5 34.
Rhh1 f4 35.Rhf1 Rf8 36.Re6 f3 37.Rxg6 f2 38.Rg8 Rxg8 39.Bxg8 Re7 40.Bd5 
Re1 41.Bg2 Rxf1 0-1

[Event "XXII Festival Conca della Presolana Magistrale"]
[Site "Bratto - Castione della Presolana ITA"]
[Date "2002.08.21"]
[Round "2"]
[White "Del Giudice, Stefano"]
[Black "Brancaleoni, Maurizio"]
[Result "1/2-1/2"]
[WhiteElo "2073"]
[BlackElo "2249"]
[PlyCount "34"]
[EventDate "2002.08.20"]

1.e4 c6 2.c4 d5 3.exd5 Nf6 4.Nc3 cxd5 5.cxd5 Nxd5 6.Nf3 g6 7.Bc4 Nxc3 8.
bxc3 Bg7 9.O-O O-O 10.d4 Nc6 11.Bg5 Qc7 12.Qd2 Nxd4 13.Bxf7+ Rxf7 14.cxd4 
Bg4 15.Rac1 Qd6 16.Ne5 Bxe5 17.dxe5 Qxd2 1/2-1/2

[Event "XXII Festival Conca della Presolana Magistrale"]
[Site "Bratto - Castione della Presolana ITA"]
[Date "2002.08.21"]
[Round "2"]
[White "Giretti Kanev, Jasen"]
[Black "Sedina, Elena"]
[Result "1/2-1/2"]
[WhiteElo "2193"]
[BlackElo "2416"]
[PlyCount "105"]
[EventDate "2002.08.20"]

1.e4 e6 2.d3 c5 3.Qe2 Nc6 4.Nf3 d6 5.g3 g6 6.Bg5 Qb6 7.c3 Bg7 8.Na3 Nge7 
9.Bg2 h6 10.Nc4 Qc7 11.Bxe7 Nxe7 12.a4 O-O 13.O-O e5 14.Ne3 Be6 15.c4 f5 
16.Nd5 Qd7 17.Nxe7+ Qxe7 18.Nh4 Qf7 19.Bh3 Rae8 20.b3 Bc8 21.Bg2 f4 22.Bf3
Bh3 23.Bg2 Be6 24.Bf3 Bf6 25.Ng2 Qd7 26.Rab1 Bd8 27.Kh1 g5 28.Bh5 f3 29.
Bxf3 g4 30.Bxg4 Bxg4 31.f3 Bh3 32.Rg1 Qf7 33.f4 Bxg2+ 34.Rxg2 exf4 35.
gxf4+ Kh8 36.f5 Rg8 37.Rbg1 Rxg2 38.Qxg2 Rg8 39.Qh3 Rxg1+ 40.Kxg1 Qg7+ 41.
Kf1 Bg5 42.Qh5 Qe5 43.Kg2 Bc1 44.h4 Qg7+ 45.Kf3 Qe7 46.Qg6 Qe5 47.f6 Qf4+ 
48.Kg2 Qd2+ 49.Kg3 Qe3+ 50.Kg2 Qe2+ 51.Kg3 Qe1+ 52.Kg2 Qe2+ 53.Kg3 1/2-1/2

[Event "XXII Festival Conca della Presolana Magistrale"]
[Site "Bratto - Castione della Presolana ITA"]
[Date "2002.08.21"]
[Round "2"]
[White "Godena, Michele"]
[Black "Marchand, Francois"]
[Result "0-1"]
[WhiteElo "2488"]
[BlackElo "2237"]
[PlyCount "96"]
[EventDate "2002.08.20"]

1.e4 c6 2.d4 d5 3.Nd2 dxe4 4.Nxe4 Bf5 5.Ng3 Bg6 6.Nf3 Nd7 7.Bc4 e6 8.O-O 
Ngf6 9.Re1 Be7 10.c3 O-O 11.Nh4 c5 12.Nxg6 hxg6 13.dxc5 Bxc5 14.Qe2 Qc7 
15.Bb3 Bd6 16.Be3 Bf4 17.Bd4 Rfe8 18.Rad1 e5 19.Be3 e4 20.Bxf4 Qxf4 21.Ba4
Re7 22.Bxd7 Nxd7 23.Nxe4 Rae8 24.f3 Kh8 25.Qf2 f5 26.Ng3 Nb6 27.Rxe7 Rxe7 
28.Ne2 Qc4 29.Nd4 Kg8 30.a3 Nd5 31.Re1 Qd3 32.Rxe7 Nxe7 33.Qe2 Qb1+ 34.Kf2
Kf7 35.Ne6 Qa2 36.c4 Qb3 37.h4 Qb6+ 38.c5 Qxe6 39.Qb5 Qc6 40.Qc4+ Qd5 41.
Qb4 Ke6 42.a4 f4 43.Qxf4 Nf5 44.Qc7 Qd2+ 45.Kg1 Qe1+ 46.Kh2 Qxh4+ 47.Kg1 
Qe1+ 48.Kh2 Qe5+ 0-1

[Event "XXII Festival Conca della Presolana Magistrale"]
[Site "Bratto - Castione della Presolana ITA"]
[Date "2002.08.21"]
[Round "2"]
[White "Guido, Flavio"]
[Black "Pagnoncelli, Marco"]
[Result "1-0"]
[WhiteElo "2327"]
[BlackElo "2101"]
[PlyCount "49"]
[EventDate "2002.08.20"]

1.e4 c5 2.c3 d5 3.exd5 Qxd5 4.d4 Nf6 5.Nf3 Bg4 6.Be2 e6 7.h3 Bh5 8.Na3 Nc6
9.Be3 cxd4 10.Nb5 Rc8 11.Nbxd4 Nxd4 12.Bxd4 a6 13.O-O Be7 14.Qa4+ Qc6 15.
Qxc6+ Rxc6 16.Rfe1 Rc8 17.Rad1 Bc5 18.g4 Bg6 19.Ne5 Bxd4 20.Rxd4 O-O 21.
Bf3 Rc7 22.h4 Rfc8 23.h5 Bc2 24.Rc1 Rc5 25.Bxb7 1-0

[Event "XXII Festival Conca della Presolana Magistrale"]
[Site "Bratto - Castione della Presolana ITA"]
[Date "2002.08.21"]
[Round "2"]
[White "Isonzo, David"]
[Black "Fuggetta, Leonardo"]
[Result "1-0"]
[WhiteElo "2337"]
[BlackElo "2051"]
[PlyCount "73"]
[EventDate "2002.08.20"]

1.e4 d6 2.d4 Nf6 3.Nc3 Nbd7 4.Nf3 e5 5.Bc4 h6 6.O-O c6 7.a4 Qc7 8.Ba2 Be7 
9.Re1 Nf8 10.Nh4 g6 11.b4 N6h7 12.Nf3 g5 13.d5 Ng6 14.dxc6 bxc6 15.b5 Bd7 
16.bxc6 Bxc6 17.Nd2 Nf6 18.Nc4 O-O 19.Ne3 Kh7 20.Nf5 Nh4 21.Nxh4 gxh4 22.
Qd2 Ng4 23.Qe2 Qd7 24.h3 Nf6 25.Qe3 Ng8 26.Qd3 f5 27.Bd5 Bxd5 28.Nxd5 Nf6 
29.Nxe7 Qxe7 30.exf5 e4 31.f3 Rae8 32.fxe4 Kg8 33.Bxh6 Rf7 34.Bg5 Rh7 35.
Qd4 Rf8 36.Rad1 Qg7 37.Bf4 1-0

[Event "XXII Festival Conca della Presolana Magistrale"]
[Site "Bratto - Castione della Presolana ITA"]
[Date "2002.08.21"]
[Round "2"]
[White "Mantovani, Renzo"]
[Black "Lovati, Paolo"]
[Result "1-0"]
[WhiteElo "2369"]
[BlackElo "2057"]
[PlyCount "33"]
[EventDate "2002.08.20"]

1.Nf3 d6 2.d4 Bg4 3.Nbd2 e6 4.h3 Bxf3 5.Nxf3 Be7 6.e4 Nf6 7.Bd3 d5 8.exd5 
exd5 9.O-O O-O 10.Re1 Bd6 11.c3 c6 12.Ne5 Qc7 13.Bg5 Nbd7 14.f4 Ne8 15.Qg4
Nxe5 16.fxe5 Be7 17.Qh4 1-0

[Event "XXII Festival Conca della Presolana Magistrale"]
[Site "Bratto - Castione della Presolana ITA"]
[Date "2002.08.21"]
[Round "2"]
[White "Manzoni, Alessandro"]
[Black "Ceresoli, Luigi"]
[Result "1/2-1/2"]
[WhiteElo "2023"]
[BlackElo "2204"]
[PlyCount "25"]
[EventDate "2002.08.20"]

1.e4 e5 2.Nf3 Nc6 3.Be2 g6 4.d4 exd4 5.Nxd4 Bg7 6.Nxc6 bxc6 7.O-O Rb8 8.
Re1 Rxb2 9.Bxb2 Bxb2 10.Nd2 Bxa1 11.Qxa1 Nf6 12.e5 Nd5 13.c4 1/2-1/2

[Event "XXII Festival Conca della Presolana Magistrale"]
[Site "Bratto - Castione della Presolana ITA"]
[Date "2002.08.21"]
[Round "2"]
[White "Marinelli, Gian Marco"]
[Black "Campanile, Antonio"]
[Result "0-1"]
[WhiteElo "2060"]
[BlackElo "2140"]
[PlyCount "58"]
[EventDate "2002.08.20"]

1.e4 d5 2.exd5 Qxd5 3.Nc3 Qd6 4.d4 Nf6 5.Nf3 a6 6.Be2 Nc6 7.Bg5 Bf5 8.d5 
Nb4 9.Nd4 Bg6 10.Bxf6 gxf6 11.Bf3 e5 12.dxe6 Qxd4 13.exf7+ Kxf7 14.Bd5+ 
Kg7 15.O-O Qxd1 16.Raxd1 Nxd5 17.Nxd5 Rc8 18.c4 Bd6 19.b4 Rhe8 20.c5 Bf8 
21.Nf4 Bf5 22.h3 Re4 23.Nh5+ Kg6 24.g4 Rxb4 25.Ng3 Be6 26.f4 Bxc5+ 27.Kh1 
Bxa2 28.f5+ Kh6 29.Rd7 Bd6 0-1

[Event "XXII Festival Conca della Presolana Magistrale"]
[Site "Bratto - Castione della Presolana ITA"]
[Date "2002.08.21"]
[Round "2"]
[White "Marzano, Carlo"]
[Black "Temi, Walter"]
[Result "1/2-1/2"]
[WhiteElo "2258"]
[BlackElo "2073"]
[PlyCount "52"]
[EventDate "2002.08.20"]

1.d4 Nf6 2.Nf3 g6 3.c4 Bg7 4.Nc3 d5 5.cxd5 Nxd5 6.Bd2 Nb6 7.e4 Bg4 8.Be3 
O-O 9.Be2 Nc6 10.d5 Bxf3 11.gxf3 Nb8 12.Qb3 c6 13.O-O-O cxd5 14.Nxd5 Nxd5 
15.Rxd5 Qc7+ 16.Kb1 Nc6 17.h4 e6 18.Rd2 Rfd8 19.Rhd1 Rxd2 20.Rxd2 b6 21.
Qc2 Qb7 22.Bb5 Ne5 23.Qd1 h5 24.Rd8+ Rxd8 25.Qxd8+ Kh7 26.Be2 Qd7 1/2-1/2

[Event "XXII Festival Conca della Presolana Magistrale"]
[Site "Bratto - Castione della Presolana ITA"]
[Date "2002.08.21"]
[Round "2"]
[White "Mola, Pietro"]
[Black "Griffa, Roberto"]
[Result "1-0"]
[WhiteElo "2277"]
[BlackElo "2080"]
[PlyCount "61"]
[EventDate "2002.08.20"]

1.e4 c6 2.c4 d5 3.exd5 cxd5 4.cxd5 Nf6 5.Nc3 g6 6.Bc4 Bg7 7.Nf3 O-O 8.O-O 
Nbd7 9.Qb3 a6 10.a4 Nc5 11.Qd1 Qa5 12.Ra3 Qb4 13.d3 Bg4 14.h3 Bd7 15.a5 b5
16.Na2 Qxa3 17.bxa3 bxc4 18.dxc4 Ba4 19.Qe2 Nfe4 20.Be3 Rab8 21.Bxc5 Nxc5 
22.Qxe7 Rfc8 23.Nb4 Rb7 24.Qe3 Nb3 25.Nc6 Bxc6 26.dxc6 Rbb8 27.Rb1 Nxa5 
28.Rxb8 Rxb8 29.c7 Rc8 30.Qc5 Bc3 31.Qd6 1-0

[Event "XXII Festival Conca della Presolana Magistrale"]
[Site "Bratto - Castione della Presolana ITA"]
[Date "2002.08.21"]
[Round "2"]
[White "Moncelli, Giorgio"]
[Black "Mascheroni, Maurizio"]
[Result "1/2-1/2"]
[WhiteElo "2155"]
[BlackElo "2068"]
[PlyCount "75"]
[EventDate "2002.08.20"]

1.e4 d6 2.d4 Nf6 3.Bd3 g6 4.Nf3 Bg7 5.O-O O-O 6.c3 c5 7.h3 cxd4 8.cxd4 Nc6
9.Nc3 Qb6 10.Na4 Qd8 11.Be3 Bd7 12.Rc1 Nb4 13.Bb1 Qa5 14.Nc3 Rfc8 15.a3 
Nc6 16.d5 Nb8 17.Bd3 Qd8 18.Qd2 Be8 19.Rfe1 Nbd7 20.b4 Nb6 21.Bd4 Nc4 22.
Qa2 Nb6 23.Qb3 Nh5 24.Bxg7 Kxg7 25.Rb1 Nf4 26.Bf1 Rc7 27.Nd4 Nd7 28.Rbd1 
Kg8 29.g3 Nh5 30.Kh2 a6 31.a4 Rac8 32.Re3 Nb6 33.b5 a5 34.f4 Nc4 35.Rf3 
Nb6 36.Re3 Nc4 37.Rf3 Nb6 38.Re3 1/2-1/2

[Event "XXII Festival Conca della Presolana Magistrale"]
[Site "Bratto - Castione della Presolana ITA"]
[Date "2002.08.21"]
[Round "2"]
[White "Osuna Munoz, Xavier"]
[Black "Campini, Marco"]
[Result "1-0"]
[WhiteElo "2113"]
[BlackElo "2169"]
[PlyCount "57"]
[EventDate "2002.08.20"]

1.e4 c5 2.Nf3 d6 3.d4 cxd4 4.Nxd4 Nf6 5.Nc3 a6 6.Bg5 e6 7.Qd3 Be7 8.Be2 
Qc7 9.f4 Nc6 10.O-O-O Bd7 11.Kb1 b5 12.Bf3 Nxd4 13.Qxd4 b4 14.e5 dxe5 15.
fxe5 bxc3 16.Bxa8 Bc5 17.Qxc3 Ng4 18.Rhe1 h6 19.Bh4 g5 20.Bg3 h5 21.h3 Nh6
22.Bf2 Bb6 23.Bxb6 Qxb6 24.Qd2 Bb5 25.Qxg5 Nf5 26.Rd2 Ne7 27.Red1 Qc7 28.
Bf3 h4 29.Qf6 1-0

[Event "XXII Festival Conca della Presolana Magistrale"]
[Site "Bratto - Castione della Presolana ITA"]
[Date "2002.08.21"]
[Round "2"]
[White "Paoli, Enrico"]
[Black "Astengo, Marcello"]
[Result "0-1"]
[WhiteElo "1973"]
[BlackElo "2124"]
[PlyCount "100"]
[EventDate "2002.08.20"]

1.e4 e6 2.d4 d5 3.Nd2 Nf6 4.e5 Nfd7 5.Bd3 c5 6.c3 Nc6 7.Ne2 cxd4 8.cxd4 
Qb6 9.Nb3 f6 10.exf6 Nxf6 11.O-O Bd6 12.Bf4 e5 13.dxe5 Nxe5 14.Bxe5 Bxe5 
15.Ng3 O-O 16.Nf5 Bd7 17.h3 Rad8 18.Qc2 Bb8 19.Rae1 Kh8 20.Qc5 Ne4 21.Qxb6
axb6 22.Ne3 Bc6 23.Bxe4 dxe4 24.Rd1 Bc7 25.Rxd8 Rxd8 26.Rd1 Ra8 27.Nc1 Ra5
28.b3 Kg8 29.Kf1 Rc5 30.Ke1 Be5 31.Rd8+ Kf7 32.Nc4 Bc3+ 33.Ke2 Bf6 34.Ra8 
Bg5 35.Kd1 Bxc1 36.Kxc1 b5 37.Ra5 b6 38.Ra7+ Kf6 39.Rc7 h6 40.Kb2 g5 41.g4
bxc4 42.b4 c3+ 43.Kc1 Rc4 44.a4 Bd5 45.Rxc4 Bxc4 46.Kc2 Ke5 47.Kxc3 Bf1 
48.a5 bxa5 49.bxa5 e3 50.fxe3 Bxh3 0-1

[Event "XXII Festival Conca della Presolana Magistrale"]
[Site "Bratto - Castione della Presolana ITA"]
[Date "2002.08.21"]
[Round "2"]
[White "Piantoni, Roberto"]
[Black "Berni, Fabrizio"]
[Result "1-0"]
[WhiteElo "2171"]
[BlackElo "2116"]
[PlyCount "39"]
[EventDate "2002.08.20"]

1.d4 d5 2.Nf3 Nf6 3.e3 e6 4.Nbd2 c5 5.c3 Nbd7 6.Bd3 Bd6 7.O-O O-O 8.Re1 e5
9.e4 cxd4 10.cxd4 dxe4 11.Nxe4 Nxe4 12.Rxe4 f5 13.Rh4 Be7 14.Rh3 e4 15.
Bc4+ Kh8 16.Ne5 Qe8 17.Bf7 Rxf7 18.Ng6+ Kg8 19.Rxh7 Rf8 20.Qh5 1-0